000 00591nam a2200181Ia 4500
008 090123s9999 xx 000 0 und d
082 _b27057
100 _aमहांबरे गंगाधर
245 _aभेटी लागे जीवा
250 _a1
260 _bनिशीराज प्रकाशन
_c1997
300 _a158
600 _aमहांबरे गंगाधर
630 _aभेटी लागे जीवा
700 _aमहांबरे गंगाधर
730 _aभेटी लागे जीवा
942 _cBOOK
999 _c65246
_d65246